Online
Catalog

El estado dominicano, análisis y contexto : (Record no. 51623)

MARC details
000 -CABECERA
campo de control de longitud fija 00993nam a22002537a 4500
003 - IDENTIFICADOR DEL NÚMERO DE CONTROL
campo de control DO-SdBNP
005 - FECHA Y HORA DE LA ÚLTIMA TRANSACCIÓN
campo de control 20220429134502.0
008 - DATOS DE LONGITUD FIJA--INFORMACIÓN GENERAL
campo de control de longitud fija 110301s2021 dr 001 0 spa d
020 ## - NÚMERO INTERNACIONAL ESTÁNDAR DEL LIBRO
Número Internacional Estándar del Libro 9789945931716
040 ## - FUENTE DE LA CATALOGACIÓN
Centro catalogador/agencia de origen DO-SdBNP
Lengua de catalogación spa
Centro/agencia transcriptor BNPHU
082 #4 - NÚMERO DE LA CLASIFICACIÓN DECIMAL DEWEY
Número de clasificación xxxx
Número de documento/Ítem O77e
100 1# - ENTRADA PRINCIPAL--NOMBRE DE PERSONA
Nombre de persona Ortiz Núñez, Dantes
9 (RLIN) 53018
Fechas asociadas al nombre 1957-
245 13 - MENCIÓN DE TÍTULO
Título El estado dominicano, análisis y contexto :
Resto del título (artículos publicados entre 1990 y 2021) /
Mención de responsabilidad, etc. Dantes Ortiz Núñez ; presentación Modesto Cuesta Soriano ; prólogo José C. Novas
260 ## - PUBLICACIÓN, DISTRIBUCIÓN, ETC.
Lugar de publicación, distribución, etc. Santo Domingo :
Nombre del editor, distribuidor, etc. Océano azul ediciones,
Fecha de publicación, distribución, etc. 2021.
300 ## - DESCRIPCIÓN FÍSICA
Extensión 191 p. :
Dimensiones 25 cm.
500 ## - NOTA GENERAL
Nota general Incluye datos biográficos del autor en la solapa de la portada.
500 ## - NOTA GENERAL
Nota general Incluye índice onomástico
590 ## - NOTA LOCAL (RLIN)
Nota local Inventariado, 2022/ YL
590 ## - NOTA LOCAL (RLIN)
Nota local La biblioteca posee un (1) ejemplar autografiado por el autor.
700 12 - PUNTO DE ACCESO ADICIONAL--NOMBRE DE PERSONA
Nombre de persona Cuesta Soriano, Modesto
Término indicativo de función/relación pres.
9 (RLIN) 77667
700 12 - PUNTO DE ACCESO ADICIONAL--NOMBRE DE PERSONA
Nombre de persona Novas, José C.
Término indicativo de función/relación prol.
9 (RLIN) 31859
910 ## - DATOS DE OPCIÓN DEL USUARIO (OCLC)
Datos de opción del usuario YLockward
942 ## - ELEMENTOS DE PUNTO DE ACCESO ADICIONAL (KOHA)
Fuente del sistema de clasificación o colocación Dewey Decimal Classification
Tipo de ítem Koha Libro
Holdings
Estado de retiro Estado de pérdida Fuente del sistema de clasificación o colocación Restricciones de uso No para préstamo Código de colección Localización permanente Ubicación/localización actual Ubicación en estantería Fecha de adquisición Fuente de adquisición Signatura topográfica completa Código de barras Fecha visto por última vez Precio válido a partir de Tipo de ítem Koha Nota pública Total de préstamos Número de copia
    Dewey Decimal Classification Préstamo restringido   Patrimonio Dominicano Biblioteca Nacional Pedro Henríquez Ureña Biblioteca Nacional Pedro Henríquez Ureña En catalogación 02.02.2022 Dante Ortiz xxxx O77e 2022-1720 29.04.2022 29.04.2022 Libro Autografiado por el autor    
    Dewey Decimal Classification Préstamo restringido   Patrimonio Dominicano Biblioteca Nacional Pedro Henríquez Ureña Biblioteca Nacional Pedro Henríquez Ureña En catalogación 02.02.2022 Dante Ortiz xxxx O77e 2022-1721 29.04.2022 29.04.2022 Libro     e. 2
    Dewey Decimal Classification Préstamo en sala   Patrimonio Dominicano Biblioteca Nacional Pedro Henríquez Ureña Biblioteca Nacional Pedro Henríquez Ureña En catalogación 02.02.2022 Dante Ortiz xxxx O77e 2022-1722 29.04.2022 29.04.2022 Libro     e. 3

Powered by Koha